Countries With Burger King Quiz Stats

Quiz not verified by Sporcle

Challenge
Share
Tweet
Score 0/102 Timer 08:00
0 Plays Today
% Correct
United States
94.5%
Canada
93.4%
Mexico
91.9%
China
91.6%
Russia
91.3%
India
88.7%
Brazil
88.4%
Australia
87.9%
Argentina
85.3%
Japan
85%
France
84.4%
Spain
84.4%
Sweden
83.2%
Colombia
82.9%
Peru
82.9%
UK
82.7%
Indonesia
82.7%
Norway
82.1%
South Korea
81.8%
Chile
81.5%
Germany
81.5%
Finland
81.2%
Thailand
80.6%
Ireland
80.3%
Saudi Arabia
79.5%
Bolivia
78.9%
Venezuela
78.6%
Poland
78.6%
Portugal
78.6%
Italy
78.6%
Ecuador
77.7%
South Africa
77.7%
Egypt
76.6%
Paraguay
76.3%
% Correct
Ukraine
76.3%
Austria
75.7%
Uruguay
75.1%
Malaysia
74.9%
Switzerland
74.6%
Czechia
74.6%
Turkey
74.6%
New Zealand
73.7%
Honduras
73.4%
Hungary
73.4%
Vietnam
73.4%
Guatemala
72.5%
Panama
72.3%
Nicaragua
71.4%
Costa
Rica
71.4%
El Salvador
69.4%
Pakistan
68.5%
Bulgaria
68.2%
Philippines
67.9%
Croatia
67.6%
Netherlands
67.1%
Belarus
66.8%
Belgium
66.2%
Serbia
65.9%
Kazakhstan
65%
Cambodia
62.4%
Slovenia
61%
UAE
59.5%
Morocco
59%
Guyana
58.4%
Suriname
58.4%
Dominican Republic
55.8%
Oman
55.8%
Israel
54.9%
% Correct
Denmark
53.5%
Iraq
52.6%
Singapore
52.3%
Bahrain
49.4%
Bangladesh
48.6%
Afghanistan
45.7%
Trinidad
and Tobago
45.7%
Macedonia
45.4%
Taiwan
43.4%
Jordan
41.9%
Lebanon
41.3%
The Bahamas
40.2%
Nepal
38.2%
Qatar
36.7%
Cyprus
36.1%
Kenya
35.8%
Luxembourg
35.3%
Sri Lanka
32.1%
Jamaica
31.5%
Moldova
30.6%
Barbados
29.2%
Kuwait
28.3%
Côte d'Ivoire
26.3%
Andorra
26.3%
Georgia
25.7%
Azerbaijan
24.6%
St. Lucia
22.5%
Antigua
and Barbuda
20.5%
St. Kitts
and Nevis
18.5%
Maldives
17.1%
Fiji
15.9%
Brunei
14.5%
Malta
8.4%
Timor-Leste
4.9%

You're not logged in!

Compare scores with friends on all Sporcle quizzes.
Join for Free
OR
Log In

You Might Also Like...

Show Comments

Extras

Top Quizzes Today


Score Distribution

Your Account Isn't Verified!

In order to create a playlist on Sporcle, you need to verify the email address you used during registration. Go to your Sporcle Settings to finish the process.

Report this User

Report this user for behavior that violates our Community Guidelines.

Details: